RICS Draft Professional Standard: ESG in commercial property valuation 4th edition (Record no. 122201)

MARC details
000 -LEADER
fixed length control field 01764nam a22002537a 4500
005 - DATE AND TIME OF LATEST TRANSACTION
control field 20250718153536.0
008 - FIXED-LENGTH DATA ELEMENTS--GENERAL INFORMATION
fixed length control field 250718t2025 xxk|||||o|||| 00| 0 eng d
041 ## - LANGUAGE CODE
Language code of text/sound track or separate title eng
110 ## - MAIN ENTRY--CORPORATE NAME
Corporate author Royal Institution of Chartered Surveyors
245 ## - TITLE STATEMENT
Title RICS Draft Professional Standard: ESG in commercial property valuation 4th edition
Subtitle a consultation
Medium [Electronic resource]
260 ## - PUBLICATION INFORMATION
Place of publication London,
Publisher Royal Institution of Chartered Surveyors,
Date 30 June 2025
300 ## - PHYSICAL DESCRIPTION
Physical description 27p.
490 ## - SERIES TITLE
Series statement RICS Consultation
520 ## - ABSTRACT
Abstract ESG is a global priority for commercial property stakeholders globally and this document will support its appropriate consideration in valuation.<br/><br/>Valuation underpins trillions of dollars of commercial property investment globally and with ESG as a key priority there are opportunities and risks for providers and end-users.<br/><br/>The proposed updated standard represents a significant expansion in the ESG requirements and suggested good practice from the previous version. It also includes jurisdictional content for the first time, and we are reliant on our stakeholders to feedback on its accuracy and relevance.<br/><br/>Consultation opened 30 June 2025 closes 12 September 2025
650 ## - KEYWORDS
Keywords COMMERCIAL PROPERTY
650 ## - KEYWORDS
Keywords ESG
650 ## - KEYWORDS
Keywords VALUATION
651 ## - SUBJECT ADDED ENTRY--GEOGRAPHIC NAME
Geographic name International
690 ## - BROAD SUBJECT
Broad subject Valuation
9 (RLIN) 6273
710 ## - ADDED CORPORATE NAME
Added corporate author Royal Institution of Chartered Surveyors
856 ## - ONLINE RESOURCE
Uniform Resource Identifier <a href="https://consultations.rics.org/gf2.ti/-/1745794/252008773.1/PDF/-/ESG%20in%20commercial%20property%20valuation%204th%20edition%20-%20consultation%20document%202025.pdf">https://consultations.rics.org/gf2.ti/-/1745794/252008773.1/PDF/-/ESG%20in%20commercial%20property%20valuation%204th%20edition%20-%20consultation%20document%202025.pdf</a>
Public note View the consultation document on RICS.org
856 ## - ONLINE RESOURCE
Uniform Resource Identifier <a href="https://consultations.rics.org/esgincommercialvaluation/">https://consultations.rics.org/esgincommercialvaluation/</a>
Public note View the RICS iConsult homepage on esg commercial valuation
942 ## - ADDED ENTRY ELEMENTS (KOHA)
Suppress in OPAC Do not suppress in OPAC

No items available.